| 000 | 00787nam a2200205Ii 4500 | ||
|---|---|---|---|
| 003 | JO-AjNU | ||
| 008 | 230605s9999||||xx |||||||||||||| ||und|| | ||
| 040 |
_aJO-AjNU _bara _erda _cJO-AjNU |
||
| 041 | _aara | ||
| 050 | 1 | 4 | _aPN6222.Z5364 1984 |
| 100 | 3 |
_aزيغور، علي, _eauthor _918854 |
|
| 245 | 0 | 0 | _aصياغات شعبية حول المعرفة والخصوبة والقدر: المهاد الإناسي والتحتيات العلائقية في الذات العربية |
| 250 | _aط1 | ||
| 264 | 3 | 1 | _aبيروت: دار الاندلس، 1984 |
| 300 | _a224ص | ||
| 336 |
_atext _btxt _2rdacontent |
||
| 337 |
_aunmediated _bn _2rdamedia |
||
| 338 |
_avolume _bnc _2rdacarrier |
||
| 650 | 4 |
_aالقصة الشعبية العربية - علم النفس الجماعي _918855 |
|
| 999 |
_aA6108 _c9676 _d9676 |
||